News. Audiances and Everyday life (Record no. 3938)

MARC details
000 -LEADER
fixed length control field 00406nam a22001697a 4500
005 - DATE AND TIME OF LATEST TRANSACTION
control field 20160625103714.0
008 - FIXED-LENGTH DATA ELEMENTS--GENERAL INFORMATION
fixed length control field 160625b xxu||||| |||| 00| 0 eng d
020 ## - INTERNATIONAL STANDARD BOOK NUMBER
ISBN 81-7273-211-2
041 ## - LANGUAGE CODE
Language code of text/sound track or separate title eng
082 ## - DEWEY DECIMAL CLASSIFICATION NUMBER
Item number 9992
100 ## - MAIN ENTRY--AUTHOR NAME
Personal name Nath, Shyam
245 ## - TITLE STATEMENT
Title News. Audiances and Everyday life
260 ## - PUBLICATION, DISTRIBUTION, ETC. (IMPRINT)
Name of publisher Authors Press
Year of publication 2005
300 ## - PHYSICAL DESCRIPTION
Number of Pages 318
650 ## - SUBJECT ADDED ENTRY--TOPICAL TERM
Topical Term Mass Communication
942 ## - ADDED ENTRY ELEMENTS (KOHA)
Koha item type Books
Holdings
Lost status Damaged status Home library Current library Shelving location Date acquired Cost, normal purchase price Full call number Accession Number Koha item type
    JRU Library JRU Library SHELF-32-I 25/06/2016 300.00 9992 9992 Books
    JRU Library   SHELF-31-I 25/06/2016 300.00 9992 9993 Books
    JRU Library   SHELF-32-I 25/06/2016 300.00 9992 9994 Books